000 00520nam a2200193Ia 4500
005 20250508152908.0
008 008 250505s9999 xx 000 0 hin d
037 _aTextual
040 _aFEDL
_beng
_cFEDL
041 _ahin
_2hin
084 _a301.35, TRI
_qFEDL
100 _aTripathi Shambo Ratn
_9762680
245 0 _aGramin samajshastra
260 _aAllahabad, India
_bKitab Mahal
_c1956
300 _a163p.
650 _aSociology
942 _cTEXL
_h301.35, TRI
999 _c1339473
_d1339473